| Tag |
First Indicator |
Second Indicator |
Subfields |
| LEADER |
00000cam a2200000 i 4500 |
| 001 |
in00004435713 |
| 005 |
20210728154547.0 |
| 008 |
201207t20212021mdua b 001 0 eng |
| 010 |
|
|
|a 2020055094
|
| 020 |
|
|
|a 9781793609434
|q hardcover
|
| 020 |
|
|
|a 1793609438
|q hardcover
|
| 020 |
|
|
|a 9781793609458
|q paperback
|
| 020 |
|
|
|a 1793609454
|q paperback
|
| 020 |
|
|
|z 9781793609441
|q electronic publication
|
| 035 |
|
|
|a (OCoLC)on1226076645
|
| 040 |
|
|
|a DLC
|e rda
|c DLC
|d UtOrBLW
|
| 049 |
|
|
|a TXAM
|
| 050 |
0 |
0 |
|a NA2500
|b .P675 2021
|
| 082 |
0 |
0 |
|a 720.1
|2 23
|
| 245 |
0 |
0 |
|a Postphenomenology and architecture :
|b human technology relations in the built environment /
|c edited by Lars Botin and Inger Berling Hyams.
|
| 264 |
|
1 |
|a Lanham, Maryland :
|b Lexington Books,
|c [2021]
|
| 264 |
|
4 |
|c ©2021
|
| 300 |
|
|
|a vi, 246 pages :
|b illustrations ;
|c 24 cm.
|
| 336 |
|
|
|a text
|b txt
|2 rdacontent
|
| 337 |
|
|
|a unmediated
|b n
|2 rdamedia
|
| 338 |
|
|
|a volume
|b nc
|2 rdacarrier
|
| 490 |
1 |
|
|a Postphenomenology and the philosophy of technology
|
| 504 |
|
|
|a Includes bibliographical references and index.
|
| 520 |
|
|
|a Architecture and urban design are rarely considered as technology, but more frequently as a result of artistic creativity performed by gifted individuals. Postphenomenology and Architecture: Human Technology Relations in the Built Environment considers buildings and cities as technologies, from a postphenomenological perspective. This book argues that buildings and the furniture of cities, like bike lanes, benches and bus stops, are inscribed in a conceptual framework of multistability, which is to say that they fulfill different purposes over time. Yet, there are qualities in the built environment that are long lasting and immutable, and transcend temporal functionality and ephemeral efficiency. The contributors show how different perceptions, practices and interpretations are tangible and visible as we engage with these technologies. In addition, several of the chapters critically assess the influence of Martin Heidegger in modern philosophy of architecture, this book reads Heidegger in the perspective of architecture and urban design as technology, shedding light on what it means to build and dwell.
|
| 600 |
1 |
0 |
|a Heidegger, Martin,
|d 1889-1976
|x Influence.
|
| 650 |
|
0 |
|a Architecture
|x Philosophy.
|0 http://id.loc.gov/authorities/subjects/sh2007101285
|
| 650 |
|
0 |
|a Cities and towns
|x Philosophy.
|0 http://id.loc.gov/authorities/subjects/sh2009118377
|
| 650 |
|
0 |
|a Architecture and technology.
|0 http://id.loc.gov/authorities/subjects/sh97005373
|
| 700 |
1 |
|
|a Botin, Lars,
|e editor.
|0 http://id.loc.gov/authorities/names/no2011111844
|
| 700 |
1 |
|
|a Hyams, Inger Berling,
|d 1982-
|e editor.
|0 http://id.loc.gov/authorities/names/n2020068059
|
| 830 |
|
0 |
|a Postphenomenology and the philosophy of technology.
|0 http://id.loc.gov/authorities/names/no2015024718
|
| 945 |
|
|
|b 848857
|
| 947 |
|
|
|a A14851614009
|
| 948 |
|
|
|a cataloged
|b h
|c 2021/4/28
|d c
|e dmitchel
|f 1:20:10 pm
|
| 994 |
|
|
|a 92
|b TXA
|
| 999 |
f |
f |
|s d00a71fd-75a2-348d-aac2-805d1896bef8
|i 16faf7e2-d596-37e4-b979-b3970e23d4bd
|t 0
|
| 952 |
f |
f |
|p normal
|a Texas A&M University
|b College Station
|c Sterling C. Evans Library
|d Evans: Library Stacks
|t 0
|e NA2500 .P675 2021
|h Library of Congress classification
|i unmediated -- volume
|m A14851614009
|
| 998 |
f |
f |
|a NA2500 .P675 2021
|t 0
|l Evans: Library Stacks
|